| 000 | 00489nam a2200181 i 4500 | ||
|---|---|---|---|
| 001 | 131201 | ||
| 003 | ES-MaACL | ||
| 005 | 20230906193932.0 | ||
| 007 | t| | ||
| 008 | 070214s1970 mx |||| | spa d | ||
| 080 | _a821.134.2(899)-96"18" | ||
| 100 | 1 |
_aRodó, José Enrique _d1871-1917 _998152 |
|
| 245 | 1 | 0 |
_aAriel / _cJosé Enrique Rodo. |
| 260 |
_aMéxico : _bEd. Nacional, _c1970. |
||
| 300 |
_a188 p. ; _c18 cm. |
||
| 852 |
_aES-MaACL _jE-10092 |
||
| 999 |
_c131201 _d131201 |
||